000 01254cam a22003613a 4500
001 2824
003 PGUSA
005 20140828083022.0
008 010901s2001||||xxu|||||s|||||000 1 eng d
040 _aPGUSA
_beng
042 _adc
050 4 _aPZ
050 4 _aPT
100 1 _aLa Motte-Fouqué, Friedrich Heinrich Karl, Freiherr de,
_d1777-1843
245 1 0 _aSintram and His Companions
_h[electronic resource] /
_cFriedrich Heinrich Karl, Freiherr de La Motte-Fouqué
260 _bProject Gutenberg,
_c2001
506 _aPublic domain in the USA.
516 _aElectronic text
653 _aCourtship -- Juvenile fiction
653 _aCastles -- Juvenile fiction
653 _aChildren -- Conduct of life -- Juvenile fiction
653 _aAdventure and adventurers -- Juvenile fiction
653 _aDeath -- Juvenile fiction
653 _aConduct of life -- Juvenile fiction
653 _aFantasy fiction
653 _aKings and rulers -- Juvenile fiction
653 _aKnights and knighthood -- Juvenile fiction
700 1 _aYonge, Charlotte M.
_q(Charlotte Mary),
_d1823-1901
700 1 _aBrowne, Gordon,
_d1858-1932
830 0 _aProject Gutenberg
_v2824
856 4 0 _uhttp://www.gutenberg.org/ebooks/2824
942 _cEB
999 _c232156
_d232156